[Event "DOM-ch"]
[Site "Santo Domingo"]
[Date "2015.05.10"]
[Round "8"]
[White "De Los Santos Nunez, Eddy"]
[Black "Rodriguez, Carlos Manuel"]
[Result "1/2-1/2"]
[WhiteElo "2103"]
[BlackElo "2010"]
[PlyCount "113"]
[EventDate "2015.05.01"]
[EventType "swiss"]
[EventRounds "11"]
[EventCountry "DOM"]
[SourceTitle "CBM 166 Extra"]
[Source "ChessBase"]
[SourceDate "2015.06.18"]
[SourceVersion "1"]
[SourceVersionDate "2015.06.18"]
[SourceQuality "1"]

1. Nf3 Nf6 2. c4 c6 3. d4 d5 4. Qc2 g6 5. cxd5 cxd5 6. Nc3 Bg7 7. Bf4 0-0 8. e3 Nc6 9. Ne5 Nh5 10. Nxc6 bxc6 11. Bg5 h6 12. Bh4 g5 13. Bg3 Nxg3 14. hxg3 Qd6 15. Bd3 Bg4 16. 0-0 e5 17. dxe5 Bxe5 18. Bf5 Bxf5 19. Qxf5 Rab8 20. Rab1 Rb4 21. Rfd1 Rfb8 22. Qc2 Qf6 23. Rd3 Rc4 24. Rc1 g4 25. b3 Rc5 26. Qd2 Bxc3 27. Rdxc3 Rxc3 28. Qxc3 Qxc3 29. Rxc3 Rc8 30. Rc5 Kf8 31. b4 Ke7 32. Kf1 Kd6 33. Ke2 Ra8 34. Ra5 Kc7 35. Kd3 Kb6 36. Kd4 Re8 37. f3 f5 38. Rc5 h5 39. b5 cxb5 40. Rxd5 Rf8 41. e4 gxf3 42. gxf3 fxe4 43. Kxe4 Rg8 44. Kf4 Rf8+ 45. Rf5 Rxf5+ 46. Kxf5 b4 47. Ke6 a5 48. f4 a4 49. f5 b3 50. axb3 axb3 51. f6 b2 52. f7 b1Q 53. f8Q Qe4+ 54. Kd7 Qg4+ 55. Ke8 Qa4+ 56. Kf7 Qc4+ 57. Ke7 1/2-1/2

[Event "DOM-ch"]
[Site "Santo Domingo"]
[Date "2015.05.09"]
[Round "6"]
[White "De la Rosa Brito, Willy"]
[Black "Rodriguez, Carlos Manuel"]
[Result "1-0"]
[WhiteElo "2096"]
[BlackElo "2010"]
[PlyCount "43"]
[EventDate "2015.05.01"]
[EventType "swiss"]
[EventRounds "11"]
[EventCountry "DOM"]
[SourceTitle "CBM 166 Extra"]
[Source "ChessBase"]
[SourceDate "2015.06.18"]
[SourceVersion "1"]
[SourceVersionDate "2015.06.18"]
[SourceQuality "1"]

1. e4 e6 2. d3 d5 3. Nd2 Nf6 4. Ngf3 c5 5. g3 Nc6 6. Bg2 Be7 7. 0-0 0-0 8. Re1 b5 9. e5 Nd7 10. Nf1 Qc7 11. Bf4 Bb7 12. h4 Nb6 13. N1h2 Na4 14. Ng5 h6 15. Qh5 hxg5 16. hxg5 Bxg5 17. Qxg5 Qd8 18. Qg4 Nd4 19. Bg5 Qd7 20. Bf6 Nf5 21. Qg5 g6 22. g4 1-0

[Event "DOM-ch"]
[Site "Santo Domingo"]
[Date "2015.05.02"]
[Round "3"]
[White "Eusebio Perez, Hector Eduardo"]
[Black "Rodriguez, Carlos Manuel"]
[Result "1/2-1/2"]
[WhiteElo "2120"]
[BlackElo "2010"]
[PlyCount "120"]
[EventDate "2015.05.01"]
[EventType "swiss"]
[EventRounds "11"]
[EventCountry "DOM"]
[SourceTitle "CBM 166 Extra"]
[Source "ChessBase"]
[SourceDate "2015.06.18"]
[SourceVersion "1"]
[SourceVersionDate "2015.06.18"]
[SourceQuality "1"]

1. e4 e6 2. d4 d5 3. Nd2 Nf6 4. e5 Nfd7 5. Ngf3 c5 6. c3 Nc6 7. Be2 Qb6 8. Nb3 cxd4 9. cxd4 a5 10. Qd3 a4 11. Nbd2 Be7 12. b3 Nb4 13. Qc3 Qc6 14. Qxc6 bxc6 15. 0-0 axb3 16. a3 Nc2 17. Rb1 c5 18. dxc5 Nxc5 19. Nxb3 0-0 20. Nbd4 Nxd4 21. Nxd4 Bd7 22. Ra1 Ra4 23. Be3 Rfa8 24. Nc2 Ne4 25. Bd3 Nc3 26. Bd2 Bb5 27. Nb4 Bxd3 28. Nxd3 Ne2+ 29. Kh1 h6 30. Rae1 Rxa3 31. Rxe2 Rxd3 32. Be3 d4 33. Bf4 g5 34. Bg3 Rda3 35. f4 Ra1 36. Ree1 Rxe1 37. Rxe1 Bb4 38. Rd1 Kg7 39. Kg1 Kg6 40. fxg5 hxg5 41. Bf2 Kf5 42. Bxd4 Rd8 43. Rf1+ Ke4 44. Bb2 Bc5+ 45. Kh1 Rd7 46. h3 Bd4 47. Re1+ Kf5 48. Rf1+ Kxe5 49. Bxd4+ Rxd4 50. Rxf7 Rf4 51. Ra7 Ke4 52. g3 Rf5 53. Kg2 Rf6 54. Ra4+ Kf5 55. Kf3 e5 56. Ra5 Rb6 57. Ra3 e4+ 58. Ke3 Rb5 59. Rc3 Ke5 60. Ra3 Kf5 1/2-1/2

[Event "San Cristobal Bolivar op 1st"]
[Site "San Cristobal"]
[Date "2012.09.29"]
[Round "8"]
[White "Zavarce Sayago, Oscar Enrique"]
[Black "Rodriguez, Carlos Manuel"]
[Result "1-0"]
[WhiteElo "2183"]
[BlackElo "1902"]
[PlyCount "53"]
[EventDate "2012.09.25"]
[EventType "swiss"]
[EventRounds "10"]
[EventCountry "VEN"]
[SourceTitle "EXT 2013"]
[Source "ChessBase"]
[SourceDate "2012.11.22"]
[SourceVersion "1"]
[SourceVersionDate "2012.11.22"]
[SourceQuality "1"]

1. e4 e6 2. d4 d5 3. Nc3 dxe4 4. Nxe4 Nd7 5. Nf3 Ngf6 6. Bg5 Be7 7. Nxf6+ Bxf6 8. h4 c5 9. dxc5 Qa5+ 10. c3 Qxc5 11. Bd3 h6 12. Be3 Qe7 13. Qe2 e5 14. Bc2 a6 15. 0-0-0 g6 16. Rhe1 Kf8 17. g4 g5 18. hxg5 hxg5 19. Qd2 Nc5 20. Qd5 Ne6 21. Nxe5 Nc7 22. Qa5 Ne6 23. Bf5 Kg7 24. Bb6 Qe8 25. Nc4 Qc6 26. Nd6 Nf4 27. Be4 1-0